| 000 | 00926nam a22002537a 4500 | ||
|---|---|---|---|
| 999 |
_c64780 _d64780 |
||
| 005 | 20240530110750.0 | ||
| 008 | 181211s2018 ua ak g b 000 0 ara d | ||
| 017 |
_a2017/23260 _bمصر. دار الكتب |
||
| 020 | _a9789770531624 | ||
| 040 |
_aEG-CaGPL _cEG-CaGPL |
||
| 082 | 0 | 4 |
_221 _a338.4791 / _bح ق |
| 100 | 0 | _aحمدى احمد الديب | |
| 245 | 1 | 0 |
_aقضايا ومشكلات سياحية : _bمعالجة جغرافية / _cحمدى احمد الديب |
| 250 | _aط.1 | ||
| 260 |
_aالقاهرة : _bمكتبة الانجلو المصرية ، _c2018. |
||
| 300 |
_a232 ص. : _bايض ؛ _c24 سم. |
||
| 504 | _aيشتمل على ارجاعات ببليوجرافية | ||
| 650 | 0 | 7 |
_2qrmak _aالسياحة |
| 650 | 0 | 7 |
_2qrmak _aالسياحة _zاقتصاديات |
| 651 | _2qrmak | ||
| 653 | 0 | _aالسياحة - مشكلات | |
| 942 |
_2ddc _cBK |
||